<?xml version="1.0" encoding="UTF-8"?>
<collection xmlns="http://www.loc.gov/MARC21/slim">
 <record>
  <leader>01896nam a2200205Ia 4500</leader>
  <controlfield tag="001">TDMU_37808</controlfield>
  <controlfield tag="008">210410s9999    xx            000 0 und d</controlfield>
  <datafield tag="082" ind1=" " ind2=" ">
   <subfield code="a">657.6</subfield>
  </datafield>
  <datafield tag="090" ind1=" " ind2=" ">
   <subfield code="b">H531</subfield>
  </datafield>
  <datafield tag="100" ind1=" " ind2=" ">
   <subfield code="a">Huỳnh, Thị Thúy Phương</subfield>
  </datafield>
  <datafield tag="245" ind1=" " ind2="0">
   <subfield code="a">Quản lí hoạt động bồi dưỡng chuyên đề cho cán bộ hội liên hiệp phụ nữ tỉnh Bình Dương</subfield>
  </datafield>
  <datafield tag="245" ind1=" " ind2="0">
   <subfield code="c">Huỳnh Thị Thúy Phương; TS. Nguyễn Đức Danh (hướng dẫn)</subfield>
  </datafield>
  <datafield tag="260" ind1=" " ind2=" ">
   <subfield code="a">Bình Dương</subfield>
  </datafield>
  <datafield tag="260" ind1=" " ind2=" ">
   <subfield code="c">2019</subfield>
  </datafield>
  <datafield tag="300" ind1=" " ind2=" ">
   <subfield code="a">122tr</subfield>
  </datafield>
  <datafield tag="520" ind1=" " ind2=" ">
   <subfield code="a">Chuyên ngành: Quản lý giáo dục; Mã số: 8140114; Ý kiến về việc sao chép tài liệu: Đồng ý 50%; Ý kiến về việc sao chép file: Không đồng ý; Thư mục tài liệu tham khảo sau phần kết luận; Luận văn thạc sĩ. Trường Đại học Thủ Dầu Một; Luận văn gồm có 3 chương: Chương 1. Cơ sở lý luận về quản lý hoạt động bồi dưỡng chuyên đề cho cán bộ hội liên hiệp phụ nữ. Chương 2. Thực trạng quản lí hoạt động bồi dưỡng chuyên đề cho cán bộ hội liên hiệp phụ nữ tỉnh Bình Dương. Chương 3. Biện pháp quản lý hoạt động bồi dưỡng chuyên đề cho cán bộ hội liên hiệp phụ nữ tỉnh Bình Dương.</subfield>
  </datafield>
  <datafield tag="650" ind1=" " ind2=" ">
   <subfield code="a">Hội liên hiệp phụ nữ</subfield>
   <subfield code="x">Quản lí</subfield>
   <subfield code="x">Bồi dưỡng chuyên đề</subfield>
   <subfield code="z">Bình Dương (Việt Nam); Bồi dưỡng chuyên đề</subfield>
   <subfield code="x">Phụ nữ</subfield>
   <subfield code="z">Bình Dương (Việt Nam)</subfield>
  </datafield>
  <datafield tag="700" ind1=" " ind2=" ">
   <subfield code="a">Nguyễn, Đức Danh</subfield>
  </datafield>
  <datafield tag="856" ind1=" " ind2=" ">
   <subfield code="u">http://lrc.tdmu.edu.vn/opac/search/detail.asp?aID=2&amp;ID=37808</subfield>
  </datafield>
  <datafield tag="980" ind1=" " ind2=" ">
   <subfield code="a">Trung tâm Học liệu Trường Đại học Thủ Dầu Một</subfield>
  </datafield>
 </record>
</collection>
